Online katalóg knižníc regiónu Turca

Moja prvá Biblia (Record no. 20596)

MARC details
000 -LEADER
fixed length control field 00943nam a2200313 a 4500
001 - CONTROL NUMBER
control field 20596
003 - CONTROL NUMBER IDENTIFIER
control field VRT
005 - DATE AND TIME OF LATEST TRANSACTION
control field 20260127105628.0
008 - FIXED-LENGTH DATA ELEMENTS--GENERAL INFORMATION
fixed length control field 250414s1993 xo 0 slo
015 ## - NATIONAL BIBLIOGRAPHY NUMBER
National bibliography number SNBA1994/06
020 ## - INTERNATIONAL STANDARD BOOK NUMBER
International Standard Book Number 8088684013
035 ## - SYSTEM CONTROL NUMBER
System control number SNK000018054
039 #9 - LEVEL OF BIBLIOGRAPHIC CONTROL AND CODING DETAIL [OBSOLETE]
Level of rules in bibliographic description 202504141143
Level of effort used to assign nonsubject heading access points VLOAD
Level of effort used to assign subject headings 202403181543
Level of effort used to assign classification VLOAD
Level of effort used to assign subject headings 201603181425
Level of effort used to assign classification VLOAD
Level of effort used to assign subject headings 201306061434
Level of effort used to assign classification VLOAD
040 ## - CATALOGING SOURCE
Original cataloging agency SNK
Language of cataloging slo
Transcribing agency SNK
Description conventions AACR2
041 0# - LANGUAGE CODE
Language code of text/sound track or separate title slo
044 ## - COUNTRY OF PUBLISHING/PRODUCING ENTITY CODE
MARC country code xo
ISO country code SK
080 ## - UNIVERSAL DECIMAL CLASSIFICATION NUMBER
Universal Decimal Classification number 22(087.5)
Edition identifier 1981
100 1# - MAIN ENTRY--PERSONAL NAME
Personal name Mayer, L.
Relationship aut
245 10 - TITLE STATEMENT
Title Moja prvá Biblia
Statement of responsibility, etc. L. Mayer, R. Mazal ; Prel. T. Oravec ; Ilustr. R. Mazal
260 ## - PUBLICATION, DISTRIBUTION, ETC.
Place of publication, distribution, etc. Bratislava
Name of publisher, distributor, etc. H+R
Date of publication, distribution, etc. 1993
300 ## - PHYSICAL DESCRIPTION
Extent [19] s.
Dimensions 24 cm
700 1# - ADDED ENTRY--PERSONAL NAME
Personal name Mazal, R.
Relationship aut
700 1# - ADDED ENTRY--PERSONAL NAME
Personal name Oravec, T.
Relationship trl
700 1# - ADDED ENTRY--PERSONAL NAME
Personal name Mazal, R.
Relationship ill
942 ## - ADDED ENTRY ELEMENTS (KOHA)
Source of classification or shelving scheme Dewey Decimal Classification
Koha item type Krásna literatúra pre deti
Suppress in OPAC No
949 ## - LOCAL PROCESSING INFORMATION (OCLC)
6 17A0245260
9 P60, <04>, [BOOK], {604}
a snkSC 85881 D1
Holdings
Stav vyradenia Strata Poškodenie Spôsob nadobudnutia Domovská knižnica Aktuálna knižnica Dátum nadobudnutia Total checkouts Čiarový kód exemplára Date last seen Typ exemplára
      Dar Obecná knižnica Horná Štubňa Obecná knižnica Horná Štubňa 27.01.2026   4736200679 27.01.2026 Krásna literatúra pre deti
Projekt je podporený Slovenskou asociáciou knižníc
Prevádzkuje Turčianska knižnica Martin 2026